000 00450nam a2200145Ia 4500
008 090124s9999 xx 000 0 und d
082 _b303839
245 _a आमचा बाप आन् आम्ही
250 _a1
260 _bजाधव नरेंद्र
_c1999
300 _a209+21
630 _a आमचा बाप आन् आम्ही
730 _a आमचा बाप आन् आम्ही
942 _cBOOK
999 _c193476
_d193476